000 00353 a2200109 4500
001 ART_35062
005 20260410162005.0
008 260409a
245 1 0 _aEl derecho a la imágen en el Código Civil y Comercial
100 1 _aVillalba Díaz, Federico A.
773 0 _tTemas de derecho civil
_g- Año 1, Nº 1 (oct. 2015)
_wREV34778
999 _c31607
_d31607